000 00170 a2200097 4500
020 _a9781474853392
041 _aspa
100 _aAnonimo
245 _aTerror
942 _cK
999 _c26597
_d26597